LEADER 03088nam 2200625 a 450 001 9910460429503321 005 20200520144314.0 010 $a92-2-120444-8 035 $a(CKB)2670000000068488 035 $a(EBL)605721 035 $a(OCoLC)700697555 035 $a(SSID)ssj0001100966 035 $a(PQKBManifestationID)11607554 035 $a(PQKBTitleCode)TC0001100966 035 $a(PQKBWorkID)11067309 035 $a(PQKB)10898328 035 $a(MiAaPQ)EBC605721 035 $a(Au-PeEL)EBL605721 035 $a(CaPaEBR)ebr10512109 035 $a(EXLCZ)992670000000068488 100 $a20111213d2007 uy 0 101 0 $aeng 135 $aur|n|---||||| 181 $ctxt 182 $cc 183 $acr 200 00$a2007 labour overview$b[electronic resource] $eLatin America and the Caribbean 205 $a1st ed. 210 $aGeneva $cInternational Labour Office$d2007 215 $a1 online resource (101 p.) 225 0 $aILO news,$x1020-3923 300 $aPublished also in Spanish: Panorama Laboral 2007, Ame?rica Latina y el Caribe. 311 $a92-2-120443-X 320 $aIncludes bibliographical references. 327 $aFOREWORD; ACKNOWLEDGEMENTS; CONTENTS; LATIN AMERICA AND THE CARIBBEAN ENTER 2008 WITH A FAVOURABLE LABOUR MARKET SITUATION REFLECTING CONTINUED HEALTHLY ECONOMIC GROWTH, ALTHOUGH GREATER PROGRESS TOWARD DECENT WORK IS STILL NEEDED; The Global Economic Context in 2007; Economic Situation of the Region in 2007; Employment Situation in Latin America and the Caribbean in 2007; Sectorial Composition of Urban Employment and Health and Pension Coverage; The Political Importance of Respect for Freedom of Association in the Americas; Corporate Social Responsibility 327 $a Central America and the Dominican Republic: the Labour Market and Challenges for Youth EmploymentEconomic and Unemployment Forecasts, 2007-2008; Recent Economic and Labour Market Developments in the Caribbean; INDIGENOUS PEOPLE AND PEOPLE OF AFRICAN DESCENT IN THE REGION: TOWARD EQUAL OPPORTUNITY AND DECENT WORK; EXPLANATORY NOTE; STATISTICAL ANNEX 57 330 $aThis report demonstrates that Latin America and the Caribbean have made progress in improving some key labour market indicators, especially in reducing unemployment, but significant gaps persist that affect the most vulnerable populations, the rate of informality remains high and not all workers have social protection... 606 $aLabor$zLatin America$vStatistics 606 $aLabor$zCaribbean Area$vStatistics 606 $aWorking class$zLatin America 606 $aWorking class$zCaribbean Area 608 $aElectronic books. 615 0$aLabor 615 0$aLabor 615 0$aWorking class 615 0$aWorking class 676 $a331.09805 712 02$aInternational Labour Office.$bRegional Office for Latin America and the Caribbean. 801 0$bMiAaPQ 801 1$bMiAaPQ 801 2$bMiAaPQ 906 $aBOOK 912 $a9910460429503321 996 $a2007 labour overview$92203659 997 $aUNINA LEADER 02715nam 2200685Ia 450 001 9910961015903321 005 20260109223918.0 010 $a1-282-46584-8 010 $a9786612465840 010 $a0-19-971735-4 035 $a(CKB)2670000000012059 035 $a(EBL)480665 035 $a(OCoLC)550692714 035 $a(SSID)ssj0000343630 035 $a(PQKBManifestationID)11244854 035 $a(PQKBTitleCode)TC0000343630 035 $a(PQKBWorkID)10291715 035 $a(PQKB)10736912 035 $a(MiAaPQ)EBC480665 035 $a(Au-PeEL)EBL480665 035 $a(CaPaEBR)ebr10367831 035 $a(CaONFJC)MIL246584 035 $a(FINmELB)ELB165696 035 $a(EXLCZ)992670000000012059 100 $a20090909d2010 uy 0 101 0 $aeng 135 $aur|n|---||||| 181 $ctxt 182 $cc 183 $acr 200 10$aTheodor Seuss Geisel /$fDonald E. Pease 205 $a1st ed. 210 $aNew York $cOxford University Press$dc2010 215 $a1 online resource (193 p.) 225 1 $aLives and legacies 300 $aDescription based upon print version of record. 311 08$a0-19-061452-8 311 08$a0-19-532302-5 320 $aIncludes bibliographical references and index. 327 $aContents; Preface; One: DR. SEUSS'S PASSAGE HOME; Two: BECOMING DR. SEUSS; Three: DR. SEUSS RETURNS; Four: DR. SEUSS AND HELEN GEISEL'S EMPIRE; Five: DR. SEUSS'S LEGACY; Acknowledgments; Notes; Index 330 $aDr. Seuss' infectious rhymes, his blue-tufted, strong-willed creatures, and his knack for pithy, roundabout plots have been entertaining children and adults for decades. And as Donald Pease shows in this marvelous biography, the seemingly haphazard trajectory of Theodor Geisel's life bears a close resemblance to the zigzag plot lines of his children's books. Here is an engaging look at a man who indeed lived a zigzag life, by turns a cartoonist, ad agency artist (for Flit bug killer), author, caricaturist, documentary-film writer and producer, political cartoonist, and editor. Pease follows Ge 410 0$aLives and legacies. 606 $aAuthors, American$y20th century$vBiography 606 $aIllustrators$zUnited States$vBiography 606 $aChildren's literature$xAuthorship 615 0$aAuthors, American 615 0$aIllustrators 615 0$aChildren's literature$xAuthorship. 676 $a813 676 $a813.52 676 $a813.54 676 $a813/.52 700 $aPease$b Donald E$01796189 801 0$bMiAaPQ 801 1$bMiAaPQ 801 2$bMiAaPQ 906 $aBOOK 912 $a9910961015903321 996 $aTheodor Seuss Geisel$94527285 997 $aUNINA